00384nam a2200133Ia 4500003000900000008004100009040003300050041000800083080002000091245006900111260004500180300001700225650000800242LK-CoDNM010623t2001 xxu||||| |||| 00| 1 eng d aLK-CoDNMdLK-CoDNMeLK-CoDNM aeng a341.231.14bGLO aGlobal Trends On The Right To Information:A Survey Of South Asia bHuman Rights Commission aPakistanc2001 bp.150, 30 cm aLaw